000 00189 a2200097 4500
001 9527
100 _aGant, P
245 _aMechanics
260 _a
_bG Bell & Sons
_c
090 _c7573
_d7573
942 _aNUST-CAE
_cM
_c34237
999 _c244600
_d244600